| 000 | 00451nam a2200181Ia 4500 | ||
|---|---|---|---|
| 003 | OSt | ||
| 005 | 20230508060455.0 | ||
| 008 | 210423s1998 xx 000 0 und d | ||
| 040 | _cAL | ||
| 041 | _aeng | ||
| 082 |
_a658.4 _223 _bVARO |
||
| 100 |
_aVARMA (M M);AGARWAL (R K). _999633 |
||
| 245 | _aOrganisational behaviour. | ||
| 260 |
_aDelhi _bKing Books _c1998 |
||
| 365 |
_b75 _cINR |
||
| 906 | _abehaviour. ; Organisational | ||
| 942 |
_2ddc _cBK |
||
| 999 |
_c171359 _d171359 |
||